More than "I do": (Record no. 14663)

000 -LEADER
fixed length control field 00571nam a2200181 a 4500
001 - CONTROL NUMBER
control field :::00012496$&:&@@
003 - CONTROL NUMBER IDENTIFIER
control field OkBaRHE
005 - DATE AND TIME OF LATEST TRANSACTION
control field 20000607103419.0
008 - FIXED-LENGTH DATA ELEMENTS--GENERAL INFORMATION
fixed length control field s1983 j 000 0 eng u
040 ## - CATALOGING SOURCE
Transcribing agency
100 1# - MAIN ENTRY--PERSONAL NAME
Personal name Smith, Harold Ivan.
245 10 - TITLE STATEMENT
Title More than "I do":
Remainder of title an engaged couple's premarital handbook.
260 ## - PUBLICATION, DISTRIBUTION, ETC. (IMPRINT)
Place of publication, distribution, etc Kansas City, MO., :
Name of publisher, distributor, etc Beacon Hill Press
Date of publication, distribution, etc c1983
300 ## - PHYSICAL DESCRIPTION
Extent 61 p. ;
Dimensions 28 cm.
650 ## - SUBJECT ADDED ENTRY--TOPICAL TERM
Topical term or geographic name as entry element Marriage
942 ## - ADDED ENTRY ELEMENTS (KOHA)
Source of classification or shelving scheme
Koha item type Books
Copies
Koha item type Source of classification or shelving scheme Copy number Shelving location Damaged status Permanent Location Date acquired Lost status Full call number Barcode Date last seen Price effective from Not for loan Withdrawn status
Books 1General Stacks RHEMA Bible Training College2010-04-14 HQ 734 .S6124962010-04-142010-04-14